Keeta Janmam / (Record no. 1275)
[ view plain ]
| 000 -LEADER | |
|---|---|
| fixed length control field | 00407cam a2200157ua 4500 |
| 041 ## - LANGUAGE CODE | |
| Language code of text/sound track or separate title | mal |
| 082 ## - DEWEY DECIMAL CLASSIFICATION NUMBER | |
| Classification number | 894.8122 |
| Item number | CHA/KE |
| 100 ## - MAIN ENTRY--AUTHOR NAME | |
| Personal name | Chapek, Karel . |
| 245 ## - TITLE STATEMENT | |
| Title | Keeta Janmam / |
| 260 ## - PUBLICATION, DISTRIBUTION, ETC. (IMPRINT) | |
| Place of publication | Kottayam : |
| Name of publisher | Sahitya Pravarthaka Co-operative Society , |
| Year of publication | 1959. |
| 300 ## - PHYSICAL DESCRIPTION | |
| Number of Pages | 119 ; . |
| 700 1# - ADDED ENTRY--PERSONAL NAME | |
| Personal name | Chapek, Joseph . |
| 942 ## - ADDED ENTRY ELEMENTS (KOHA) | |
| Koha item type | Books |
| Withdrawn status | Lost status | Damaged status | Home library | Current library | Date acquired | Full call number | Accession Number | Koha item type |
|---|---|---|---|---|---|---|---|---|
| Withdrawn | KAUAET | Malayalam University | 07/04/2012 | 894.8122 | 264 | Books |
